Faktory urýchlenia sociálno-ekonomického rozvoja stavebníctva

Bibliographic Details
Main Author: Hezký, Jiří (Author)
Format: Article
Language:Slovak
PhysicalDescription:Tb. 1. Res. rus., nem., angl.
Subjects:

MARC

LEADER 00000nab a2200000 a 4500
001 vtls000326902
003 SK-MaSNL
005 20260305025842.0
008 230217c1987 xo 0 slo
015 |a SNBRB19rr/mm-uuuuu 
035 |a CL0327024 
035 |a urn:nbn:sk:snk-ab2j5t 
035 |a (urnnbn)urn:nbn:sk:snk:ar-a02hnu 
035 |a (uuid)c46db856-b39e-42f8-aeec-7b5a31b3f31e 
040 |a SNKBUCL  |b slo  |c SNKBUCL  |e AACR2 
041 0 |a slo 
044 |a xo  |c SK 
080 |a 69:331.024.3:330.131.5:330.352.3  |2 1981 
080 |a 331.024.3  |2 1981 
080 |a 330.131.5  |2 1981 
080 |a 330.352.3  |2 1981 
100 1 |a Hezký, Jiří  |4 aut  |9 345545 
245 1 0 |a Faktory urýchlenia sociálno-ekonomického rozvoja stavebníctva  |c Jiří Hezký 
300 |b Tb. 1. Res. rus., nem., angl. 
650 0 7 |a stavebníctvo  |2 snkbucl  |9 726 
650 0 7 |a intenzifikácia  |2 snkbucl  |9 77068 
650 0 7 |a ekonomická efektívnosť  |2 snkbucl  |9 74879 
655 7 |a články z novín a časopisov  |2 snkbucl  |9 267496 
773 0 |t Ekonomika stavebníctva  |g Roč. 22, č. 10 (1987), s. 305-308 
850 |a Slovenská národná knižnica v Martine  |a MTA001 
852 |a SNK  |b KIS3GCP 
954 |a odborná, vedecká literatúra pôvodná (slovenská)  |2 lita 
958 |a RK 
958 |a OND 
958 |a EUIPO 
958 |a article27 
992 |a RBX 
999 |c 3307828  |d 3309758